ბათუმის შოთა რუსთაველის სახელმწიფო უნივერსიტეტის ბიბლიოთეკა

ნარკვევები, წერილები (ბიბ.ჩანაწერი № 48920)

000 -LEADER
fixed length control field 00675nam a2200205Ia 4500
001 - CONTROL NUMBER
control field 15823
003 - CONTROL NUMBER IDENTIFIER
control field GE_BSU
008 - FIXED-LENGTH DATA ELEMENTS--GENERAL INFORMATION
fixed length control field 181216s||||||||xx |||||||||||||| ||und||
040 ## - CATALOGING SOURCE
Transcribing agency GE_BSU
080 ## - UNIVERSAL DECIMAL CLASSIFICATION NUMBER
Universal Decimal Classification number 821.353.1-92+821.353.1-4
100 ## - MAIN ENTRY--PERSONAL NAME
Personal name ჭეიშვილი, ალ.
245 ## - TITLE STATEMENT
Title ნარკვევები, წერილები
245 ## - TITLE STATEMENT
Statement of responsibility, etc. რედ.ე.ზუბიაშვილი. მხატვ.ე.შენგელაია
260 ## - PUBLICATION, DISTRIBUTION, ETC.
Place of publication, distribution, etc. თბილისი
260 ## - PUBLICATION, DISTRIBUTION, ETC.
Name of publisher, distributor, etc. სახელგამი
260 ## - PUBLICATION, DISTRIBUTION, ETC.
Date of publication, distribution, etc. 1955
300 ## - PHYSICAL DESCRIPTION
Extent 356გვ. ; 20სმ
653 ## - INDEX TERM--UNCONTROLLED
Uncontrolled term ნარკვევები, წერილები
942 ## - ADDED ENTRY ELEMENTS (KOHA)
Koha item type წიგნი
ეგზემპლარები
Withdrawn status Lost status Damaged status Not for loan Date acquired Barcode Date last seen Price effective from Koha item type
        2018-12-17 39300 2018-12-17 2018-12-17 წიგნი